Handbook of Chalcogen chemistry: new perspectives in sulfur, selenium and tellurium. (2nd ed.) (Record no. 76089)

MARC details
000 -LEADER
fixed length control field 00907nam a2200193 a 4500
008 - FIXED-LENGTH DATA ELEMENTS--GENERAL INFORMATION
fixed length control field 150430s2013 ||||||||||||||||| || u
020 ## - INTERNATIONAL STANDARD BOOK NUMBER
International Standard Book Number 9781849736237
050 ## - LIBRARY OF CONGRESS CALL NUMBER
Classification number QD 169.C5 Han
100 ## - MAIN ENTRY--PERSONAL NAME
Personal name Devillanova, Antonio Francesco
245 11 - TITLE STATEMENT
Title Handbook of Chalcogen chemistry: new perspectives in sulfur, selenium and tellurium. (2nd ed.)
Statement of responsibility, etc. Edited by Francesco Antonio Devillanova and Wolf-Walther du Mont
250 ## - EDITION STATEMENT
Edition statement 2nd ed.
260 ## - PUBLICATION, DISTRIBUTION, ETC.
Place of publication, distribution, etc. Cambridge
Name of publisher, distributor, etc. RSC Publishing
Date of publication, distribution, etc. 2013
300 ## - PHYSICAL DESCRIPTION
Extent 2 Vols
350 ## -
-- 166.83
650 #0 - SUBJECT ADDED ENTRY--TOPICAL TERM
Topical term or geographic name entry element CHEMISTRY
650 ## - SUBJECT ADDED ENTRY--TOPICAL TERM
Topical term or geographic name entry element CHALCOGENIDES
995 ## -
-- MAIN LIBRARY OPEN ACCESS
-- 745193
-- CBU-MAIN LIBRARY (Kitwe)
-- 166.83
-- QD 169.C5 Han
-- 2
-- AVAILABLE
-- May 5, 2015
-- 745193
-- Main Library Open Access Collection
995 ## -
-- MAIN LIBRARY OPEN ACCESS
-- 745192
-- CBU-MAIN LIBRARY (Kitwe)
-- 166.83
-- QD 169.C5 Han
-- 1
-- AVAILABLE
-- May 5, 2015
-- 745192
-- Main Library Open Access Collection
999 ## -
-- 76089
-- 76089
Holdings
Withdrawn status Lost status Source of classification or shelving scheme Damaged status Not for loan Permanent Location Current Location Shelving location Date acquired Total Checkouts Full call number Barcode Date last seen Copy number Price effective from Koha item type
          CBU-MAIN LIBRARY, KITWE. CBU-MAIN LIBRARY, KITWE.   04/25/2023   QD 169.C5 Han 745193 04/25/2023 1 04/25/2023 MONOGRAPH
          CBU-MAIN LIBRARY, KITWE. CBU-MAIN LIBRARY, KITWE.   04/25/2023   QD 169.C5 Han 745192 04/25/2023 2 04/25/2023 MONOGRAPH